| 000 | 01002naa a22002777a 4500 | ||
|---|---|---|---|
| 001 | BR9507975 | ||
| 003 | BR-BrBNA | ||
| 005 | 20240918181729.0 | ||
| 007 | ta | ||
| 008 | 230509b bl.||||| |||| 00| 0 por d | ||
| 040 |
_aBR-BrBNA _bpor _cBiblioteca Nacional de Agricultura |
||
| 041 | _a(Pt) | ||
| 072 | _aT01 | ||
| 090 | _aT01 BR9507975 | ||
| 100 | 1 | _aVitorio, K.M.N. | |
| 100 | 1 | _aPereira Neto, J.T. | |
| 111 | 1 |
_aConferencia sobre Agricultura e Meio Ambiente _cVicosa, MG (Brazil) _d4-6 May 1992 |
|
| 245 | 1 | _aEstudo da compostabilidade dos residuos da agroindustria sucroalcooleira | |
| 260 | 3 |
_aVicosa, MG (Brasil): _c1994. |
|
| 500 | _aAgricultura e meio ambiente. Anais da conferencia Vicosa, MG (Brasil): 1994. p. 121-144 (BR9507975-AM)T01 | ||
| 650 | _aPoluicao Ambiental | ||
| 650 | _aResiduo | ||
| 773 | 0 |
_tAgricultura e meio ambiente. Anais da conferencia _wT01 BR9507975 _gVicosa, MG (Brasil), 1994. p. 121-144 |
|
| 909 |
_a202404 _bLucia _c55 _dLucia Elande |
||
| 942 |
_cAM _2AGRIS |
||
| 999 |
_c326567 _d326567 |
||